<?xml version="1.0" encoding="UTF-8"?><?xml-stylesheet type="text/xsl" href="static/style.xsl"?><OAI-PMH xmlns="http://www.openarchives.org/OAI/2.0/" xmlns:xsi="http://www.w3.org/2001/XMLSchema-instance" xsi:schemaLocation="http://www.openarchives.org/OAI/2.0/ http://www.openarchives.org/OAI/2.0/OAI-PMH.xsd"><responseDate>2026-04-13T18:46:03Z</responseDate><request verb="GetRecord" identifier="oai:www.recercat.cat:10230/35509" metadataPrefix="marc">https://recercat.cat/oai/request</request><GetRecord><record><header><identifier>oai:recercat.cat:10230/35509</identifier><datestamp>2025-12-26T11:18:09Z</datestamp><setSpec>com_2072_6</setSpec><setSpec>col_2072_452952</setSpec></header><metadata><record xmlns="http://www.loc.gov/MARC21/slim" xmlns:dcterms="http://purl.org/dc/terms/" xmlns:xsi="http://www.w3.org/2001/XMLSchema-instance" xmlns:doc="http://www.lyncode.com/xoai" xsi:schemaLocation="http://www.loc.gov/MARC21/slim http://www.loc.gov/standards/marcxml/schema/MARC21slim.xsd">
   <leader>00925njm 22002777a 4500</leader>
   <datafield ind2=" " ind1=" " tag="042">
      <subfield code="a">dc</subfield>
   </datafield>
   <datafield ind2=" " ind1=" " tag="720">
      <subfield code="a">Fernández, Esteve</subfield>
      <subfield code="e">author</subfield>
   </datafield>
   <datafield ind2=" " ind1=" " tag="720">
      <subfield code="a">García, Ana María</subfield>
      <subfield code="e">author</subfield>
   </datafield>
   <datafield ind2=" " ind1=" " tag="720">
      <subfield code="a">Serés Escot, Elisabet, 1984-</subfield>
      <subfield code="e">author</subfield>
   </datafield>
   <datafield ind2=" " ind1=" " tag="720">
      <subfield code="a">Bosch Llonch, Fèlix</subfield>
      <subfield code="e">author</subfield>
   </datafield>
   <datafield ind2=" " ind1=" " tag="260">
      <subfield code="c">2018-09-27T07:17:10Z</subfield>
   </datafield>
   <datafield ind2=" " ind1=" " tag="260">
      <subfield code="c">2018-09-27T07:17:10Z</subfield>
   </datafield>
   <datafield ind2=" " ind1=" " tag="260">
      <subfield code="c">2018</subfield>
   </datafield>
   <datafield ind2=" " ind1=" " tag="520">
      <subfield code="a">OBJECTIVES: This study aimed to determine students&amp;apos; satisfaction with a 2-day course on scientific writing in health sciences and to assess their perceptions of the long-term impact on their  knowledge, attitudes and skills. SETTING: 27 iterations of a 2-day course on writing and publishing scientific articles in health sciences. PARTICIPANTS: 741 students attending the 27 courses. DESIGN: Prospective longitudinal study. PRIMARY AND SECONDARY OUTCOME MEASURES:&#xd;
Immediately after each course, students completed a first questionnaire, rating their satisfaction with different aspects of the classroom sessions on a Likert scale (0-5). Approximately 2 years after the course, students completed a follow-up questionnaire, using a Likert scale (0-4) to rate their knowledge, skills and attitudes in relation to scientific writing before and after attending the course.&#xd;
RESULTS: 741 students (70% women) participated in the 27 iterations of the course; 568 (76.8%) completed the first questionnaire and 182 (24.6%) completed the follow-up questionnaire. The first questionnaire reflected high overall satisfaction (mean score, 4.6). In the second questionnaire, students reported that the course had improved their knowledge (mean improvement: 1.6; 95% CI 1.6 to 1.7), attitudes (mean improvement: 1.3; 95% CI 1.2 to 1.4) and skills (mean improvement: 1.4; 95% CI 1.3 to 1.4) related to writing and publishing scientific papers. Most respondents (n=145, 79.7%) had participated in drafting a scientific paper after the course; in this subgroup, all the specific writing skills assessed in the second questionnaire significantly improved. CONCLUSIONS: Students were satisfied with the format and the contents of the course, and those who responded to the follow-up survey considered that the course had improved their knowledge, attitudes and skills in relation to scientific writing and publishing. Courses are particularly important in countries without strong traditions in scientific publication.</subfield>
   </datafield>
   <datafield ind2=" " ind1=" " tag="520">
      <subfield code="a">Esteve Fernández was partly funded by the Department of Universities and Research, Government of Catalonia (2014SGR999)</subfield>
   </datafield>
   <datafield tag="653" ind2=" " ind1=" ">
      <subfield code="a">Escrits científics i tècnics -- Redacció -- Ensenyament</subfield>
   </datafield>
   <datafield tag="653" ind2=" " ind1=" ">
      <subfield code="a">Ciències de la salut</subfield>
   </datafield>
   <datafield ind2="0" ind1="0" tag="245">
      <subfield code="a">Students’ satisfaction and perceived impact on knowledge, attitudes and skills after a 2-day course in scientific writing: a prospective longitudinal study in Spain</subfield>
   </datafield>
</record></metadata></record></GetRecord></OAI-PMH>